Statistics for Countries that Beat Italy

Click here to take the quiz!

General Stats

  • This quiz has been taken 25,319 times
    (24,999 since last reset)
  • The average score is 12 of 15

Answer Stats

RankCategoryCountries% Correct
2 (t)Most FIFA World Cup winsBrazil
97%
4Source of the most immigrants to the U.S.
(1820–2019)
Mexico | Germany | United Kingdom
97%
2Longest Mediterranean coastlineGreece
91%
13Lowest fertility rateSingapore | Taiwan | South Korea |
Bosnia and Herzegovina | Poland | Romania |
Slovenia | Andorra | Croatia | Slovakia |
Japan | Greece | Serbia
87%
4Oldest average ageMonaco | Japan | Germany
85%
10Highest % of residents who are CatholicVatican City | East Timor | San Marino | Malta |
Andorra | Paraguay | Croatia | Poland | Portugal
85%
4Country with the most Albanians
*Other than Albania
Kosovo | North Macedonia | Greece
80%
2Southernmost point considered part of Europe
by JetPunk
Greece
79%
2 (t)Highest point in EuropeRussia
78%
5 (t)Most islands with a population > 1.5 millionIndonesia | Philippines | Japan | China
76%
2Most wine production per capitaSpain
76%
4Source of the most foreign-born
French residents (current)
Algeria | Morocco | Portugal
69%
7Highest taxes as a percent of GDP
source: Heritage Foundation
Lesotho | Denmark | France | Belgium |
Sweden | Finland
64%
2Smallest G7 country by areaUnited Kingdom
62%
3 (t)With most other countries within 100 kilometersChina | Russia
55%

Score Distribution

Percentile by Number Answered

Percent of People with Each Score

Your Score History

You have not taken this quiz since the last reset